000 01056nam a22002537a 4500
001 7096
003 FISKH
005 20250620162123.0
008 250620b cb ||||| |||| 00| 0 eng d
020 _a9789996345036
040 _aFISKH
_beng
_cFISKH
_dFISKH
050 _aPZ7
100 _aKhing , Ravie
245 _aAround the world with Sophie & Remy /
_cBy Ravie Khing and Kristin Hakim
260 _aPhnom Penh :
_bOpen Book ,
_c2013.
300 _a98 pages :
_bcolor illustrations ;
_c17 x23 cm .
505 _aP
520 _aSophie and Remy could be two curious, brave, and adventurous characters who embark on a journey across the globe. Each chapter might take them to a different country or city, where they explore unique cultures, landmarks, and traditions. The story might be aimed at young readers, showcasing global diversity and teaching geography in an engaging way.
521 8 _a650
_bLexile estimate
521 8 _aP
_bRaz-Plus
700 _aHakim, Kristine
_eIllustrator
942 _2ddc
_cBK
_n0
999 _c7096
_d7096